000 00458nam a2200181Ia 4500
001 23884
005 20260414151007.0
008 260414t2023||||xx |||||||||||||| ||spa||
041 _aESP
082 _a720.47
_bM61
100 _aMinguet, Anna,
_eAUT
245 0 _aBuilding with earth :
_bimeless technique for modern architecture
260 _c2023
300 _a139 páginas :
_c24 cm.
650 _aABD
654 _aCAU
942 _cLIB
_dJUS
_fJUS
_2ddc
_n
999 _c23884
_d23884